Statistiques concernant Nombre de communes par Îles (Canaries)

Cliquez ici pour prendre le quiz!

Statistiques générales

  • Ce quiz a été pris 5 fois
  • Le résultat moyen est 5 sur 7

Statistiques - réponses

Nombre de communesÎle% Correct
21Grande Canarie
100%
31Tenerife
100%
7Lanzarote
75%
3El Hierro
50%
6Fuerteventura
50%
6La Gomera
50%
14La Palma
50%

Distribution des résultats

Percentile par nombre de réponses

% des personnes avec chaque résultat

Votre développement - résultats

Vous n’avez pas pris ce quiz